| 000 | 00523nam a22002057a 4500 | ||
|---|---|---|---|
| 003 | OSt | ||
| 005 | 20260529110151.0 | ||
| 008 | 260529b |||||||| |||| 00| 0 eng d | ||
| 020 | _a978-93-5464-153-4 | ||
| 040 | _cSBCL | ||
| 082 |
_a660.65 _bPRI-P |
||
| 100 | _aPrimrose,B Sandy | ||
| 245 | _aPrinciples of Gene Manipulation and Genomics | ||
| 250 | _a7th ed. | ||
| 260 |
_aNew Delhi _bWiley India Pvt.Ltd _c2023 |
||
| 300 | _a691p. | ||
| 630 | _xTechnology | ||
| 650 | _aChemical engineering | ||
| 942 | _cBOOK | ||
| 999 |
_c138260 _d138260 |
||